| 000 | 00678nam a22002057a 4500 | ||
|---|---|---|---|
| 999 |
_c7928 _d7928 |
||
| 003 | OSt | ||
| 005 | 20220802153153.0 | ||
| 008 | 220802b ||||| |||| 00| 0 eng d | ||
| 020 | _a9789390612536 | ||
| 040 | _cNLM | ||
| 082 | _aWO240 D738U 2022 | ||
| 100 |
_a Jerry A. Dorsch; Susan E. Dorsch _916113 |
||
| 245 | _aUnderstanding anesthesia equipment | ||
| 260 |
_aPhiladelphia : _b Wolters Kluwer Health; _c©2022 |
||
| 300 |
_axii, 1036 pages : _billustrations ; _c 28 cm |
||
| 504 | _aIncludes bibliographical references and index | ||
| 650 |
_aAnesthesiology -- Apparatus and instruments _916114 |
||
| 650 |
_aAnesthesiology -- instrumentation _916115 |
||
| 942 |
_2z _cBOOK |
||